| 000 -LEADER |
| fixed length control field |
00584pab a2200169 454500 |
| 008 - FIXED-LENGTH DATA ELEMENTS--GENERAL INFORMATION |
| fixed length control field |
180718b1996 xxu||||| |||| 00| 0 eng d |
| 100 ## - MAIN ENTRY--PERSONAL NAME |
| Personal name |
Robb, David J. |
| 245 ## - TITLE STATEMENT |
| Title |
Ethics in project management: issues, practice, and motive |
| 260 ## - PUBLICATION, DISTRIBUTION, ETC. |
| Date of publication, distribution, etc. |
1996 |
| 300 ## - PHYSICAL DESCRIPTION |
| Extent |
p.13-18 |
| 362 ## - DATES OF PUBLICATION AND/OR SEQUENTIAL DESIGNATION |
| Dates of publication and/or sequential designation |
Dec |
| 520 ## - SUMMARY, ETC. |
| Summary, etc. |
A survey of project managers in New Zealand reveals that leadership, values, and openness are more critical to the ethical work environment than codes or frameworks. - Reproduced |
| 650 ## - SUBJECT ADDED ENTRY--TOPICAL TERM |
| Topical term or geographic name entry element |
Management |
| 650 ## - SUBJECT ADDED ENTRY--TOPICAL TERM |
| Topical term or geographic name entry element |
Project management |
| 773 ## - HOST ITEM ENTRY |
| Main entry heading |
PM Network |
| 909 ## - |
| -- |
32948 |